Won Buddhism: a history and theology of Korea's new religion
| Main Author: | |
|---|---|
| Format: | Print Book |
| Language: | English |
| Subito Delivery Service: | Order now. |
| Check availability: | HBZ Gateway |
| WorldCat: | WorldCat |
| Interlibrary Loan: | Interlibrary Loan for the Fachinformationsdienste (Specialized Information Services in Germany) |
| Published: |
Lewiston, NY [u.a.]
Edwin Mellen Press
1997
|
| In: |
Studies in Asian thought and religion (22)
Year: 1997 |
| Series/Journal: | Studies in Asian thought and religion
22 |
| Standardized Subjects / Keyword chains: | B
Korea
/ Won-Bul-Kyo
|
| Further subjects: | B
Wŏn Pulgyo (Sect)
B Wŏn Pulgyo B Korea Religion 20th century B Korea Religion 20th century B Pak, Chung-bin 1891-1943 B Pak Chung-bin 1891-1943 |
MARC
| LEADER | 00000cam a2200000 c 4500 | ||
|---|---|---|---|
| 001 | 1136051228 | ||
| 003 | DE-627 | ||
| 005 | 20251225180421.0 | ||
| 007 | tu | ||
| 008 | 980525s1997 xxu||||| 00| ||eng c | ||
| 016 | 7 | |a b9775845 |2 UK | |
| 020 | |a 0773484361 |9 0-7734-8436-1 | ||
| 035 | |a (DE-627)1136051228 | ||
| 035 | |a (DE-576)066051223 | ||
| 035 | |a (DE-599)BSZ066051223 | ||
| 035 | |a (OCoLC)832829365 | ||
| 035 | |a (OCoLC)37534020 | ||
| 035 | |a (DE-604)8121364348 | ||
| 040 | |a DE-627 |b ger |c DE-627 |e rakwb | ||
| 041 | |a eng | ||
| 044 | |c XD-US |c XD-CA |c XA-GB | ||
| 050 | 0 | |a BQ9224 | |
| 082 | 0 | |a 294.392 | |
| 082 | 0 | |a 294.3/92 | |
| 084 | |a 11.93 |2 bkl | ||
| 100 | 1 | |0 (DE-588)1051037964 |0 (DE-627)785646523 |0 (DE-576)16787084X |4 aut |a Chong, Key Ray |d 1933- | |
| 109 | |a Chong, Key Ray 1933- |a Chong, Key R. 1933- |a Ray Chong, Key 1933- |a Zheng, Quilai 1933- | ||
| 191 | |a 1 | ||
| 245 | 1 | 0 | |a Won Buddhism |b a history and theology of Korea's new religion |c Key Ray Chong |
| 263 | |a : No price : Formerly CIP | ||
| 264 | 1 | |a Lewiston, NY [u.a.] |b Edwin Mellen Press |c 1997 | |
| 300 | |a II, 160 S. | ||
| 336 | |a Text |b txt |2 rdacontent | ||
| 337 | |a ohne Hilfsmittel zu benutzen |b n |2 rdamedia | ||
| 338 | |a Band |b nc |2 rdacarrier | ||
| 490 | 1 | |a Studies in Asian thought and religion |v 22 | |
| 500 | |a Includes bibliographical references (p. 116-147) and index | ||
| 583 | 1 | |a Archivierung prüfen |c 20200919 |f DE-640 |z 1 |2 pdager | |
| 601 | |a Historie | ||
| 601 | |a Theologe | ||
| 601 | |a Religion | ||
| 650 | 4 | |a Pak |x Chung-bin |x 1891-1943 | |
| 650 | 4 | |a Wŏn Pulgyo (Sect) | |
| 650 | 4 | |a Korea |x Religion |x 20th century | |
| 650 | 4 | |a Wŏn Pulgyo | |
| 653 | 0 | |a Wŏn Pulgyo (Sect) | |
| 653 | 0 | |a Pak, Chung-bin |a 1891-1943 | |
| 653 | 0 | |a Korea |a Religion |a 20th century | |
| 689 | 0 | 0 | |d g |0 (DE-588)4032466-7 |0 (DE-627)106261738 |0 (DE-576)208996974 |2 gnd |a Korea |
| 689 | 0 | 1 | |d s |0 (DE-588)4783876-0 |0 (DE-627)389675857 |0 (DE-576)216358442 |2 gnd |a Won-Buddhismus |
| 689 | 0 | |5 (DE-627) | |
| 830 | 0 | |a Studies in Asian thought and religion |v 22 |9 22 |w (DE-627)182289907 |w (DE-576)9182289905 |w (DE-600)1194200-9 |7 am | |
| 889 | |w (DE-627)234329521 | ||
| 935 | |a mteo | ||
| 935 | |i mdedup | ||
| 936 | b | k | |a 11.93 |j Buddhismus |0 (DE-627)106415336 |
| 951 | |a BO | ||
| ELC | |b 1 | ||
| ORI | |a SA-MARC-ixtheo_oa001.raw | ||
| REL | |a 1 | ||
| STA | 0 | 0 | |a Won-Bul-Kyo,Won Buddhism,Won Pulgyo,Wonbulgyo,Korea |
| STB | 0 | 0 | |a Bouddhisme Won |
| STC | 0 | 0 | |a Budismo Won |
| STD | 0 | 0 | |a Buddhismo Won,Buddismo Won,Buddismo Won |
| STE | 0 | 0 | |a 圆佛教 |
| STF | 0 | 0 | |a 圓佛教 |
| STG | 0 | 0 | |a Budismo Won |
| STH | 0 | 0 | |a Вон-буддизм |
| STI | 0 | 0 | |a Βουδισμός Γουόν |
| SUB | |a REL | ||
| SYE | 0 | 0 | |a Chōsen,Chosŏn,Joseon,Chosong,Chōsen-Sōtokufu,Tyōsen,Tyōsen-Sōtokufu,Government-General of Chosen,Han'guk |
| SYG | 0 | 0 | |a Chōsen,Chosŏn,Joseon,Chosong,Chōsen-Sōtokufu,Tyōsen,Tyōsen-Sōtokufu,Government-General of Chosen,Han'guk |